[Event "Madurai Athens of the East op-C U1700"]
[Site "Madurai"]
[Date "2023.12.24"]
[Round "1"]
[White "Vaibhav, Singh Verma"]
[Black "Kavin Tanveer, KH."]
[Result "0-1"]
[WhiteElo "1637"]
[BlackElo "1165"]
[PlyCount "86"]
[EventDate "2023.12.24"]
[EventType "swiss"]
[EventRounds "9"]
[EventCountry "IND"]
[SourceTitle "CB06_2024"]
[SourceDate "2024.02.07"]
[SourceVersion "1"]
[SourceVersionDate "2024.02.07"]
[SourceQuality "1"]

1. d4 d5 2. Nc3 Bf5 3. Bf4 Nf6 4. e3 e6 5. Nb5 Na6 6. Nf3 c6 7. Nc3 Nb4 8. Rc1 Qa5 9. a3 Na2 10. Rb1 Nxc3 11. bxc3 Qxc3+ 12. Nd2 Bxc2 13. Rc1 Bxd1 14. Rxc3 Bg4 15. f3 Bf5 16. g4 Bg6 17. Rb3 b5 18. Rc3 Kd7 19. h4 h6 20. h5 Bh7 21. g5 hxg5 22. Bxg5 Be7 23. h6 Bg6 24. e4 gxh6 25. Bh4 dxe4 26. fxe4 Nxe4 27. Re3 Nxd2 28. Kxd2 Bg5 29. Bxg5 hxg5 30. Rg1 Rh2+ 31. Ke1 f6 32. Bh3 Re8 33. Bg2 Kd6 34. Kf2 a5 35. Rc1 Rc8 36. Kg3 Rh4 37. Rce1 Bf5 38. Rd1 Bg4 39. Rd2 b4 40. Rb3 Rb8 41. Rc2 Rb6 42. axb4 Bd1 43. bxa5 Rxb3+ 0-1